Word Ladder: Police Quiz Stats

Quiz Updated Aug 24, 2017

Challenge
Share
Tweet
Embed
Score 0/24 Timer 03:00
0 Plays Today
Clue 4-Letter Word % Correct
Delicious fruit or body shapePEAR
94.9%
Ditch around a castle; beware of crocodilesMOAT
94.6%
Baked dishes that come in apple or key limePIES
94.4%
☞ Name for the police; Miami basketball team ☜HEAT
94%
Perceive soundsHEAR
93.6%
☞ Name for the police; Fox television show ☜COPS
92.2%
Implements for wiping floorsMOPS
92.1%
A rolling stone gathers no ____MOSS
91.6%
Flesh of an animalMEAT
91.4%
The majorityMOST
91.4%
A person of equal age or statusPEER
90.6%
Structure leading from shore to the waterPIER
90.4%
Clue 4-Letter Word % Correct
☞ Name for the police; Babe's kin ☜PIGS
85.3%
Where a dragon or troll dwellsCAVE
83.5%
To own or possessHAVE
82.6%
☞ Name for the Police; peach hair ☜FUZZ
79.9%
Spring loaded jumping toyPOGO
70.1%
90s fad involving discs and a 'slammer'POGS
69.8%
State of confusion after a night of heavy drinkingHAZE
63.9%
2009 dolphin documentaryCOVE
60.3%
Clarence Greenwood pseudonym 'Citizen ____'COPE
60.3%
Device for setting off charge of projectileFUZE
56.4%
☞ Name for the police; Nana's ice climbing pal ☜POPO
53.3%
Disturb or disconcertFAZE
50.8%

Today's Daily Dose

You're not logged in!

Compare scores with friends on all Sporcle quizzes.
Sign Up with Email
OR
Log In

You Might Also Like...

Show Comments

Extras

Top Quizzes Today


Score Distribution

Your Account Isn't Verified!

In order to create a playlist on Sporcle, you need to verify the email address you used during registration. Go to your Sporcle Settings to finish the process.